[Event "22nd Oberwarter Open"]
[Site "Oberwart (Austria)"]
[Date "2000.07.09"]
[Round "2.6"]
[White "FUCHS, Stefan"]
[Black "LOGINOV, Valery"]
[Result "0-1"]
[WhiteElo "2123"]
[BlackElo "2514"]
[PlyCount "63"]
[EventDate "2000.07.09"]

1. e4 c5 2. Nf3 d6 3. b3 Nf6 4. Nc3 Nc6 5. Bb2 e6 6. Bb5 Bd7 7. Bxc6 Bxc6 8.
Qe2 e5 9. h3 Be7 10. g4 O-O 11. g5 Ne8 12. O-O-O Bxg5 13. Nxg5 Qxg5 14. Rdg1
Qh6 15. Rg3 Nc7 16. Rhg1 g6 17. Nd1 Ne6 18. f3 Nf4 19. Qf2 Nh5 20. R3g2 f5 21.
Qh4 fxe4 22. Rg5 Kh8 23. fxe4 Rae8 24. Ne3 Rf4 25. Ng4 Qf8 26. Qe1 Rxe4 27. Qd1
Nf4 28. Ne3 Nxh3 29. R5g3 Nxg1 30. Qxg1 Rh4 31. Qe1 Rh1 32. Rg1 0-1

[Event "22nd Oberwarter Open"]
[Site "Oberwart (Austria)"]
[Date "2000.07.09"]
[Round "2.7"]
[White "OKHOTNYK, Vladimir"]
[Black "HOPFGARTNER, Heinz"]
[Result "1-0"]
[WhiteElo "2510"]
[BlackElo "2129"]
[PlyCount "125"]
[EventDate "2000.07.09"]

1. d4 e6 2. e4 d5 3. exd5 exd5 4. c4 Bb4+ 5. Nc3 Qe7+ 6. Be3 Nf6 7. a3 Bxc3+ 8.
bxc3 O-O 9. Bd3 Nbd7 10. cxd5 Nxd5 11. Bxh7+ Kh8 12. Bc2 N7f6 13. Qf3 Bg4 14.
Qg3 Nxc3 15. Qh4+ Kg8 16. Bh7+ Kh8 17. Bf5+ Bh5 18. g4 Ncd5 19. gxh5 Nxe3 20.
fxe3 Qxe3+ 21. Kf1 Nd5 22. Rd1 Qxa3 23. h6 Qa6+ 24. Kf2 Qxh6 25. Qxh6+ gxh6 26.
Nf3 a5 27. Be4 c6 28. Bxd5 cxd5 29. Rb1 Ra7 30. Ne5 Kg7 31. Rhg1+ Kh7 32. Rgc1
a4 33. Rc7 a3 34. Rbxb7 Rxb7 35. Rxb7 Ra8 36. Rb1 a2 37. Ra1 f6 38. Nd3 Ra4 39.
Ke3 Ra3 40. Ke2 Ra4 41. Nc1 Rxd4 42. Rxa2 Kg6 43. Ke3 Re4+ 44. Kf3 Kg5 45. Ne2
Rc4 46. Ra5 Re4 47. Ra8 Rh4 48. Re8 Kf5 49. Ng3+ Kg6 50. Re2 Kg5 51. Rd2 Rf4+
52. Kg2 d4 53. Ne2 Re4 54. Nxd4 f5 55. Nf3+ Kf4 56. Rf2 Ke3 57. h3 Rf4 58. Ra2
Rb4 59. Nh2 h5 60. Rf2 f4 61. Ra2 Rb3 62. Nf1+ Kd4 63. Ra4+ {.} 1-0

[Event "22nd Oberwarter Open"]
[Site "Oberwart (Austria)"]
[Date "2000.07.09"]
[Round "2.8"]
[White "SCHWANINGER, Wolfgang"]
[Black "RASHKOVSKY, Nukhim"]
[Result "1/2-1/2"]
[WhiteElo "2108"]
[BlackElo "2508"]
[PlyCount "87"]
[EventDate "2000.07.09"]

1. Nf3 Nf6 2. c4 e6 3. d4 Bb4+ 4. Bd2 Qe7 5. Nc3 O-O 6. e3 d6 7. Be2 b6 8. O-O
Bb7 9. Ne4 Nxe4 10. Bxb4 a5 11. Be1 Nd7 12. Nd2 f5 13. Nxe4 fxe4 14. a4 e5 15.
Ra3 exd4 16. exd4 d5 17. Rg3 Nf6 18. Bd2 dxc4 19. Bxc4+ Bd5 20. Qb3 Qe6 21. Rc1
Rf7 22. Rg5 Bxc4 23. Qxc4 Qxc4 24. Rxc4 Rd8 25. h3 Ne8 26. Re5 Nd6 27. Rc6 Nf5
28. d5 h6 29. Bc3 Rdd7 30. Re8+ Kh7 31. Rxe4 Ne7 32. Rcc4 Nxd5 33. Rc6 Ne7 34.
Rce6 Rd1+ 35. Re1 Rxe1+ 36. Bxe1 Nd5 37. g3 Rf3 38. Re5 c6 39. Re6 Rb3 40. Rxc6
Rxb2 41. Rd6 Rb1 42. Rxd5 Rxe1+ 43. Kg2 Re4 44. Rd6 {.} 1/2-1/2

[Event "22nd Oberwarter Open"]
[Site "Oberwart (Austria)"]
[Date "2000.07.09"]
[Round "2.9"]
[White "KLJAKO, Damir"]
[Black "RUCK, Robert"]
[Result "1/2-1/2"]
[WhiteElo "2258"]
[BlackElo "2489"]
[PlyCount "119"]
[EventDate "2000.07.09"]

1. d4 Nf6 2. Nf3 g6 3. Bg5 Bg7 4. Nbd2 d5 5. e3 O-O 6. Be2 Nbd7 7. h3 Re8 8.
Bf4 c5 9. c3 b6 10. Ne5 Bb7 11. O-O e6 12. g4 Nxe5 13. Bxe5 Bc6 14. a4 a6 15.
Kh2 Bf8 16. Bg3 Nd7 17. f4 b5 18. axb5 axb5 19. Qc2 Qb6 20. Nf3 Ra6 21. h4 Rea8
22. Rxa6 Rxa6 23. h5 Bg7 24. hxg6 hxg6 25. f5 exf5 26. gxf5 Nf8 27. fxg6 fxg6
28. Bd6 cxd4 29. exd4 Bd7 30. Be5 Qe6 31. Bd3 Qh3+ 32. Kg1 Bg4 33. Qh2 Qxh2+
34. Kxh2 Ra2 35. Bxg7 Kxg7 36. Ne5 Rxb2+ 37. Kg3 Be6 38. Ra1 Rb3 39. Ra7+ Kf6
40. Ra8 Kg7 41. Ra7+ Kf6 42. Ra8 Nd7 43. Nxd7+ Bxd7 44. Ra6+ Ke7 45. Kf4 Rxc3
46. Bxg6 Bc6 47. Ke5 Kd7 48. Ra7+ Kc8 49. Bf7 Kb8 50. Ra1 b4 51. Bxd5 Bxd5 52.
Kxd5 b3 53. Ke4 Kc7 54. d5 Kd6 55. Kd4 b2 56. Rb1 Rc2 57. Kd3 Rh2 58. Kc3 Kxd5
59. Rxb2 Rxb2 60. Kxb2 {.} 1/2-1/2

[Event "22nd Oberwarter Open"]
[Site "Oberwart (Austria)"]
[Date "2000.07.09"]
[Round "2.10"]
[White "STANEC, Nikolaus"]
[Black "HUBER, Wolfgang"]
[Result "1-0"]
[WhiteElo "2484"]
[BlackElo "2109"]
[PlyCount "57"]
[EventDate "2000.07.09"]

1. c4 Nf6 2. Nc3 g6 3. e4 d6 4. d4 Bg7 5. Be2 O-O 6. Nf3 e5 7. O-O Nc6 8. d5
Ne7 9. Ne1 Nd7 10. Be3 f5 11. f3 f4 12. Bf2 g5 13. g4 fxg3 14. hxg3 Nf6 15. c5
Ng6 16. cxd6 cxd6 17. Ng2 Rf7 18. Ne3 Bh3 19. Re1 h5 20. Nf5 Bf8 21. Be3 Qd7
22. Bb5 Qc8 23. Bd3 Bxf5 24. exf5 Ne7 25. g4 hxg4 26. fxg4 Nexd5 27. Nxd5 Nxd5
28. Rc1 Rc7 29. Qb3 1-0

[Event "22nd Oberwarter Open"]
[Site "Oberwart (Austria)"]
[Date "2000.07.09"]
[Round "2.11"]
[White "PIELER, Markus"]
[Black "KUPREICHIK, Viktor"]
[Result "0-1"]
[WhiteElo "2067"]
[BlackElo "2472"]
[PlyCount "70"]
[EventDate "2000.07.09"]

1. e4 e5 2. Nf3 Nc6 3. Bb5 a6 4. Bxc6 dxc6 5. d4 exd4 6. Qxd4 Qxd4 7. Nxd4 c5
8. Ne2 Bd7 9. Nbc3 O-O-O 10. O-O Bd6 11. Bf4 Bxf4 12. Nxf4 Ne7 13. Rad1 Nc6 14.
Ncd5 Rhe8 15. Rfe1 b6 16. h3 Be6 17. Kf1 f6 18. Nxe6 Rxe6 19. c3 Ne5 20. f4 Nc4
21. b3 Nd6 22. e5 fxe5 23. Rxe5 Rxe5 24. fxe5 Nf5 25. c4 Re8 26. Re1 Kd7 27.
Kf2 Nd4 28. Kg3 Rf8 29. Nf4 c6 30. Nh5 Ke7 31. Re4 Ne6 32. Rg4 Rf7 33. Nf4 Nd4
34. h4 a5 35. Kf2 h5 0-1

[Event "22nd Oberwarter Open"]
[Site "Oberwart (Austria)"]
[Date "2000.07.09"]
[Round "2.12"]
[White "BALINOV, Ilia"]
[Black "RIHA, Alexander"]
[Result "1-0"]
[WhiteElo "2453"]
[BlackElo "2103"]
[PlyCount "51"]
[EventDate "2000.07.09"]

1. e4 e6 2. d3 c5 3. f4 g6 4. Nf3 Bg7 5. g3 Ne7 6. Bg2 d5 7. O-O dxe4 8. dxe4
O-O 9. Na3 Nbc6 10. Nc4 Qc7 11. c3 b6 12. Rf2 Rd8 13. Qe1 Ba6 14. Bf1 Bb7 15.
a4 Rd7 16. Be3 Rad8 17. Rc1 a5 18. Nfd2 Ba6 19. Nb1 Qb7 20. Nba3 Na7 21. Bg2
Nac6 22. Qe2 Rd3 23. Re1 Nc8 24. Qc2 Qd7 25. Bf3 Bf8 26. Be2 1-0

[Event "22nd Oberwarter Open"]
[Site "Oberwart (Austria)"]
[Date "2000.07.09"]
[Round "2.13"]
[White "ZIMMERMAN, Yuri"]
[Black "KOVACEVIC, Blazimir"]
[Result "1/2-1/2"]
[WhiteElo "2379"]
[BlackElo "2438"]
[PlyCount "86"]
[EventDate "2000.07.09"]

1. d4 d5 2. c4 Bf5 3. cxd5 Bxb1 4. Qa4+ c6 5. dxc6 Nxc6 6. Rxb1 e5 7. Bd2 Qxd4
8. Qxd4 exd4 9. g3 Bc5 10. Bg2 Bb6 11. Rc1 Nge7 12. Nf3 O-O 13. O-O Rfe8 14.
Rfd1 Rad8 15. Ne1 Nd5 16. Kf1 Ne5 17. Nd3 Nxd3 18. exd3 Ne3+ 19. fxe3 dxe3 20.
Bxe3 Bxe3 21. Rc7 Rd6 22. Bf3 g6 23. d4 Bxd4 24. Rxb7 Red8 25. Rb3 Bb6 26. Rxd6
Rxd6 27. Ke2 h5 28. Rd3 Rxd3 29. Kxd3 Bg1 30. h3 f5 31. Ke2 Kf7 32. Bd5+ Kf6
33. Kf3 Bd4 34. b3 Bc3 35. h4 Bb4 36. a4 a5 37. Bc4 Bd6 38. Bb5 Kf7 39. Bc6 Ke7
40. Kf2 f4 41. gxf4 Bxf4 42. Kf3 Bd6 43. Bb5 Kf6 {.} 1/2-1/2

[Event "22nd Oberwarter Open"]
[Site "Oberwart (Austria)"]
[Date "2000.07.09"]
[Round "2.14"]
[White "DANNER, Georg"]
[Black "VUKOVIC, Ivo"]
[Result "1-0"]
[WhiteElo "2437"]
[BlackElo "2272"]
[Annotator "IM G. DANNER"]
[PlyCount "137"]
[EventDate "2000.07.09"]

1. d4 Nf6 2. Nf3 d6 3. c4 Nbd7 4. Nc3 e5 5. e4 Be7 6. Be2 O-O 7. O-O c6 8. Be3
Re8 9. d5 c5 10. Ne1 Rf8 11. a3 Ne8 12. Qd2 g6 13. Nd3 Ng7 14. f4 {
Weiss strebt nach Linienoeffnung, um die schwarze Stellung zu knacken.} 14...
exf4 15. Bxf4 f6 ({Etwas besser war} 15... f5 $5) 16. b4 b6 17. Bh6 Ne5 18.
Nxe5 {Weiss hatt aufgrund seines "besseren" Laeufers einen "kleinen", jedoch
dauerhaften Vorteil.} 18... fxe5 19. Rxf8+ Qxf8 $6 ({
Der Textzug verhilft dem Aniehenden zu einigen Tempi. Vorzuziehen war daher.} 
19... Bxf8) 20. h3 Bf6 21. Rf1 $1 {Weiss verdichtet seinen Vorteil.} 21... Qe7
22. Kh2 Ne8 23. Bd1 Bd7 24. Ba4 {Das Motiv des Textzuges besteht darin, den
"guten" Laeufer des Nachziehenden zu tauschen und damit ein Endspiel "guter"
gegen "schlechten" Laeufer herbeizufuehren.} 24... Bxa4 25. Nxa4 Bg7 26. Bg5
Bf6 ({Bessere Verteidigungschancen bot, wie die spaetere Umgruppierung zeigt,} 
26... Nf6 27. Qe3 Rf8 28. bxc5 bxc5) 27. Be3 Bg7 28. Nc3 Nf6 29. Bg5 Rf8 30.
Rf3 Qd7 31. Qf2 Ne8 32. Rxf8+ Bxf8 33. Qf3 Be7 34. Bh6 Nf6 35. g3 Ne8 $6 ({
Zu erwaegen war} 35... cxb4 $5) 36. Kg2 Nf6 37. Qd1 Ne8 38. Qg4 ({Stark war} 
38. b5 $5) 38... Qxg4 39. hxg4 Kf7 40. Bd2 Bd8 $2 ({Ausgleichschancen bot} 
40... cxb4) 41. Kf3 Bc7 {
Hier und auch noch in der Folge verdiente ... cxb4 den Vorzug.} 42. Bg5 a6 43.
Ke2 Kg7 44. Nd1 Kf7 45. Nf2 Kg7 46. Nh3 h6 47. Bd2 Kh7 48. g5 $1 h5 49. Ng1 Kg7
50. Nf3 ({Nun sollte Weiss auf "c5" nehmen.} 50. bxc5 $1) 50... Kf7 51. Kd3 Bd8
52. Kc2 Ke7 53. Kb3 Nc7 54. Nh4 cxb4 $2 ({Besser war} 54... Kf7) 55. Bxb4 $1 a5
56. Bd2 ({Fritz entdeckte hier die aussichtsreiche Fortsetzung} 56. Nxg6+ Kf7
57. Nh8+ Kg7 58. Bxd6 Kxh8 59. Bxe5+ Kg8 60. g6 {
mit deutlichem Vorteil fuer Weiss.}) 56... Kf7 57. Ka4 Na6 58. Be3 Nc5+ 59.
Bxc5 bxc5 60. Nf3 Ke7 61. Kb5 Kd7 62. a4 Bc7 63. Nh4 Bd8 64. Nxg6 Bxg5 65. Kxa5
Bd2+ 66. Kb6 Be1 67. a5 Kc8 68. Ne7+ $1 {
Dieses Zwischenschach entscheidet den Tag fuer Weiss.} 68... Kb8 69. Nf5 1-0

[Event "22nd Oberwarter Open"]
[Site "Oberwart (Austria)"]
[Date "2000.07.09"]
[Round "2.15"]
[White "KRIVOSHEY, Sergei"]
[Black "STANKA, Wolfgang"]
[Result "1-0"]
[WhiteElo "2429"]
[BlackElo "2096"]
[PlyCount "65"]
[EventDate "2000.07.09"]

1. Nf3 d5 2. d4 Nf6 3. c4 c6 4. e3 e6 5. Nbd2 Bd6 6. Bd3 O-O 7. e4 Bf4 8. e5
Nfd7 9. Nb3 Bxc1 10. Rxc1 f5 11. exf6 Qxf6 12. O-O e5 13. dxe5 Nxe5 14. Nxe5
Qxe5 15. cxd5 cxd5 16. Re1 Qg5 17. Qc2 Bh3 18. f4 Rxf4 19. Bxh7+ Kf7 20. Qc7+
Nd7 21. Qxf4+ Qxf4 22. Rf1 Qxf1+ 23. Rxf1+ Nf6 24. gxh3 g6 25. Nc5 Kg7 26. Ne6+
Kf7 27. Nc7 Rd8 28. Bg8+ Ke7 29. Be6 a6 30. Re1 Kd6 31. Nxd5 Nxd5 32. Bxd5 b5
33. Bb3 1-0

[Event "22nd Oberwarter Open"]
[Site "Oberwart (Austria)"]
[Date "2000.07.09"]
[Round "2.16"]
[White "LANTZSCH, Christian"]
[Black "MEDVEGY, Zoltan"]
[Result "0-1"]
[WhiteElo "2064"]
[BlackElo "2428"]
[PlyCount "136"]
[EventDate "2000.07.09"]

1. c4 f5 2. Nf3 Nf6 3. g3 g6 4. Bg2 Bg7 5. d4 O-O 6. O-O d6 7. b3 e5 8. Bb2 e4
9. Ng5 Ng4 10. Nh3 Qe8 11. Nc3 c6 12. d5 c5 13. Qc2 Bd7 14. Rad1 Na6 15. Nf4 e3
16. f3 Nf2 17. Rde1 g5 18. Nh3 Nxh3+ 19. Bxh3 Qh5 20. Bg2 Rf6 21. Nd1 Rh6 22.
h3 f4 23. Bxg7 Kxg7 24. Qc3+ Kg8 25. g4 Qe8 26. Nb2 Qe7 27. Rb1 Qf6 28. Qxf6
Rxf6 29. a3 b5 30. Rfc1 Rb8 31. Nd1 Rg6 32. Nc3 b4 33. axb4 Nxb4 34. Ne4 Kf7
35. h4 h6 36. h5 Rf6 37. Nxf6 Kxf6 38. Ra1 a6 39. Bf1 Ke5 40. Bg2 Be8 41. Kf1
Bf7 42. Ke1 Bg8 43. Bf1 Bh7 44. Kd1 Ra8 45. Ra5 Kf6 46. Rc3 Ke7 47. Kc1 Kd7 48.
Kb2 Kc7 49. Rc1 Kb6 50. Ra4 Bg8 51. Kc3 a5 52. Rca1 Bh7 53. R1a2 Nxa2+ 54. Rxa2
Rb8 55. Bh3 Ka6 56. Bf1 Rb4 57. Ra1 a4 58. bxa4 Ka5 59. Bh3 Bg8 60. Bg2 Bf7 61.
Bh3 Be8 62. Kd3 Bd7 63. Rc1 Bc8 64. Ke4 Rb2 65. Rc3 Rd2 66. Rd3 Kxa4 67. Bf1
Kb4 68. Bg2 Rc2 0-1

[Event "22nd Oberwarter Open"]
[Site "Oberwart (Austria)"]
[Date "2000.07.09"]
[Round "2.17"]
[White "SZIEBERT, Adam"]
[Black "KARALL, Lorenz"]
[Result "1-0"]
[WhiteElo "2421"]
[BlackElo "2090"]
[PlyCount "65"]
[EventDate "2000.07.09"]

1. e4 d6 2. d4 Nf6 3. Nc3 g6 4. Be3 Bg7 5. f3 O-O 6. Qd2 e5 7. d5 a6 8. g4 b5
9. a3 Nbd7 10. h4 Re8 11. h5 Nf8 12. Nge2 N6d7 13. Ng3 Rb8 14. Na2 Bb7 15.
O-O-O Nb6 16. b3 Qe7 17. Bh3 Nbd7 18. Nf5 gxf5 19. gxf5 Nc5 20. Rdg1 Kh8 21.
Qg2 Nfe6 22. fxe6 fxe6 23. h6 Bf6 24. Bxc5 dxc5 25. Bxe6 c4 26. b4 a5 27. Rh3
Qf8 28. Rg3 Rxe6 29. dxe6 Qxh6+ 30. Kb1 Qf8 31. Rh1 axb4 32. Rgh3 Qe7 33. Qg6 {
.} 1-0

[Event "22nd Oberwarter Open"]
[Site "Oberwart (Austria)"]
[Date "2000.07.09"]
[Round "2.18"]
[White "WAIS, Michael"]
[Black "RIAZANTSEV, Alexander"]
[Result "0-1"]
[WhiteElo "2042"]
[BlackElo "2418"]
[PlyCount "104"]
[EventDate "2000.07.09"]

1. d4 Nf6 2. c4 d6 3. Nc3 Nbd7 4. b3 e5 5. e3 Be7 6. Bb2 O-O 7. Bd3 c6 8. Nge2
Re8 9. O-O Bf8 10. Ng3 a6 11. h3 b6 12. Nce4 Bb7 13. Nxf6+ Nxf6 14. dxe5 dxe5
15. Bc2 Qc7 16. Nh5 Nxh5 17. Qxh5 g6 18. Qe2 c5 19. Rad1 Be7 20. Rd2 Rad8 21.
Rfd1 f6 22. Qg4 Rxd2 23. Rxd2 Rd8 24. Qd1 Kf7 25. f3 Rxd2 26. Qxd2 Qd6 27. Qxd6
Bxd6 28. Kf2 f5 29. g3 Ke6 30. Ke2 h5 31. Kf2 Bc7 32. Bc3 Bc6 33. Bb2 Bd8 34.
Bc3 h4 35. g4 fxg4 36. fxg4 e4 37. Bb2 Bc7 38. Bc3 Be5 39. Bxe5 Kxe5 40. Ke2 b5
41. Kd2 Bd7 42. Bd1 Kd6 43. Bc2 bxc4 44. bxc4 Be6 45. Bxe4 Bxc4 46. Bxg6 Bxa2
47. Bh7 Ke5 48. g5 Be6 49. g6 Kf6 50. Kc3 Kg7 51. e4 Bxh3 52. Kc4 Bg4 0-1

[Event "22nd Oberwarter Open"]
[Site "Oberwart (Austria)"]
[Date "2000.07.09"]
[Round "2.19"]
[White "ELFERT, Aleksandr"]
[Black "MAYR, Thomas"]
[Result "0-1"]
[WhiteElo "2412"]
[BlackElo "2059"]
[PlyCount "64"]
[EventDate "2000.07.09"]

1. e4 e5 2. Nf3 Nc6 3. d4 exd4 4. Nxd4 Bc5 5. Be3 Qf6 6. c3 Nge7 7. Qd2 a6 8.
f4 d6 9. b4 Ba7 10. Be2 Qg6 11. Bf3 O-O 12. g4 f6 13. h4 Qf7 14. Na3 d5 15. g5
dxe4 16. Be2 Nxd4 17. cxd4 Be6 18. h5 Nf5 19. g6 Qd7 20. h6 hxg6 21. hxg7 Kxg7
22. O-O-O Qa4 23. Nc2 Qxa2 24. Qc3 c6 25. Bg4 Ng3 26. Rhg1 Bxg4 27. Rxg3 Bxd1
28. Kxd1 Rh8 29. f5 Rh1+ 30. Ne1 Qb1+ 31. Bc1 g5 32. Qd2 Rh5 0-1

[Event "22nd Oberwarter Open"]
[Site "Oberwart (Austria)"]
[Date "2000.07.09"]
[Round "2.20"]
[White "GAGARIN, Vasilij"]
[Black "HOFBAUER, Peter"]
[Result "1-0"]
[WhiteElo "2395"]
[BlackElo "2052"]
[PlyCount "43"]
[EventDate "2000.07.09"]

1. d4 Nf6 2. Nf3 g6 3. c4 Bg7 4. Nc3 O-O 5. Bg5 d6 6. e3 Bg4 7. Be2 Nbd7 8. h3
Bxf3 9. Bxf3 c6 10. O-O Qa5 11. Bh4 Rfe8 12. Rb1 e5 13. b4 Qc7 14. b5 Nb6 15.
Qb3 d5 16. cxd5 Nfxd5 17. bxc6 bxc6 18. Nxd5 cxd5 19. Bxd5 Nxd5 20. Qxd5 exd4
21. Rb7 Re5 22. Qb3 1-0

[Event "22nd Oberwarter Open"]
[Site "Oberwart (Austria)"]
[Date "2000.07.09"]
[Round "2.21"]
[White "SEIDL, Reinhard"]
[Black "WITTMANN, Walter"]
[Result "0-1"]
[WhiteElo "2032"]
[BlackElo "2380"]
[PlyCount "40"]
[EventDate "2000.07.09"]

1. e4 c5 2. Nf3 d6 3. d4 cxd4 4. Nxd4 Nf6 5. Nc3 Nc6 6. Bc4 e6 7. Bb3 Be7 8.
O-O O-O 9. Kh1 Bd7 10. f4 Nxd4 11. Qxd4 Bc6 12. Be3 b5 13. Rae1 a5 14. a3 Rb8
15. e5 dxe5 16. Qxe5 b4 17. axb4 axb4 18. Nd1 Rb5 19. Qd4 Qa8 20. Rg1 Ne4 0-1

[Event "22nd Oberwarter Open"]
[Site "Oberwart (Austria)"]
[Date "2000.07.09"]
[Round "2.23"]
[White "KREINDL, Helmut"]
[Black "KOVACS, Gabor"]
[Result "0-1"]
[WhiteElo "2179"]
[BlackElo "2348"]
[PlyCount "76"]
[EventDate "2000.07.09"]

1. Nf3 c5 2. c4 Nf6 3. g3 b6 4. Bg2 Bb7 5. O-O e6 6. b3 Be7 7. Bb2 O-O 8. d3 d5
9. cxd5 Nxd5 10. Nbd2 Nc6 11. Ne4 Nf6 12. Rc1 Nxe4 13. dxe4 Qxd1 14. Rfxd1 Rfd8
15. e5 Rxd1+ 16. Rxd1 Rd8 17. Rxd8+ Nxd8 18. Nd2 Bxg2 19. Kxg2 Kf8 20. g4 Ke8
21. f4 Nc6 22. Kf3 Kd7 23. Ke4 b5 24. Nf3 Nb4 25. a3 Nd5 26. Bc1 Nb6 27. Kd3 a5
28. a4 c4+ 29. bxc4 b4 30. Nd4 Nxa4 31. Nb3 Nc5+ 32. Kc2 a4 33. Nxc5+ Bxc5 34.
Bd2 g6 35. e4 Kc6 36. Kd3 b3 37. Kc3 Bb4+ 38. Kd3 b2 0-1

[Event "22nd Oberwarter Open"]
[Site "Oberwart (Austria)"]
[Date "2000.07.09"]
[Round "2.25"]
[White "HAMBERGER, Hermann"]
[Black "LAKOS, Nikoletta"]
[Result "0-1"]
[WhiteElo "2159"]
[BlackElo "2327"]
[PlyCount "72"]
[EventDate "2000.07.09"]

1. e4 d5 2. exd5 Nf6 3. Nf3 Nxd5 4. d4 g6 5. Nc3 Nxc3 6. bxc3 Bg7 7. Bc4 O-O 8.
O-O c5 9. Qe2 Nc6 10. Rd1 cxd4 11. cxd4 Bg4 12. Be3 Qc7 13. h3 Bxf3 14. Qxf3 e5
15. d5 Nd4 16. Bxd4 Qxc4 17. Be3 e4 18. Qf4 Bxa1 19. Rxa1 Qxd5 20. c3 b5 21.
Bd4 f6 22. Re1 Rae8 23. Re3 b4 24. Rg3 bxc3 25. Bxc3 Rb8 26. Qh6 Rb1+ 27. Kh2
Qd6 28. a3 Rc8 29. Bd2 Qe5 30. h4 Rb5 31. Qe3 Rbc5 32. Bb4 Rc1 33. Qh6 e3 34.
fxe3 Rh1+ 35. Kxh1 Qxg3 36. Be7 Rc1# 0-1

[Event "22nd Oberwarter Open"]
[Site "Oberwart (Austria)"]
[Date "2000.07.09"]
[Round "2.26"]
[White "WALDMANN, Ivan"]
[Black "WIATER, Michael"]
[Result "1-0"]
[WhiteElo "2278"]
[BlackElo "2047"]
[PlyCount "71"]
[EventDate "2000.07.09"]

1. e4 e6 2. d4 d5 3. Nd2 dxe4 4. Nxe4 Nd7 5. Nf3 Ngf6 6. Nxf6+ Nxf6 7. Bd3 Be7
8. O-O O-O 9. Ne5 c5 10. c3 cxd4 11. cxd4 Kh8 12. Be3 Qd5 13. Qe2 b6 14. Rfd1
Bb7 15. f3 Kg8 16. Kh1 Rac8 17. Bg5 Qd6 18. Bb1 Rfd8 19. a3 g6 20. Qd2 Nd7 21.
Ng4 f5 22. Bf4 e5 23. Ba2+ Kh8 24. Nxe5 Nxe5 25. Bxe5+ Qxe5 26. dxe5 Rxd2 27.
Rxd2 Bg5 28. Rd7 Bc6 29. Rxa7 h5 30. Bf7 h4 31. h3 Be8 32. Re1 Bd2 33. Rd1 Bf4
34. e6 Bxf7 35. Rxf7 Kg8 36. Rfd7 1-0

[Event "22nd Oberwarter Open"]
[Site "Oberwart (Austria)"]
[Date "2000.07.09"]
[Round "2.28"]
[White "HASELHORST, Helmut"]
[Black "STEINER, Karl"]
[Result "1-0"]
[WhiteElo "2191"]
[BlackElo "2035"]
[PlyCount "77"]
[EventDate "2000.07.09"]

1. d4 Nf6 2. Nf3 e6 3. g3 b6 4. Bg2 Bb7 5. O-O Be7 6. c4 O-O 7. d5 exd5 8. Nh4
c6 9. cxd5 Nxd5 10. Nf5 Na6 11. e4 Nf6 12. Nc3 Nc7 13. Bf4 d5 14. Re1 Bb4 15.
Qb3 c5 16. exd5 Bxc3 17. bxc3 Nce8 18. c4 Nh5 19. Be5 Bc8 20. Qf3 Bxf5 21. Qxf5
g6 22. Qf3 Nd6 23. g4 Ng7 24. Bf6 Qb8 25. Qc3 Nge8 26. Be7 Ng7 27. Bxf8 Qxf8
28. Bf1 f5 29. h3 Ne4 30. Qd3 Qf6 31. Bg2 Rf8 32. Rac1 Nxf2 33. Kxf2 fxg4+ 34.
Kg1 Qf2+ 35. Kh1 gxh3 36. Qxh3 Nf5 37. d6 Ng3+ 38. Kh2 Rf5 39. d7 1-0

[Event "22nd Oberwarter Open"]
[Site "Oberwart (Austria)"]
[Date "2000.07.09"]
[Round "2.34"]
[White "ROGULJ, Branko"]
[Black "KUMMER, Helmut"]
[Result "0-1"]
[WhiteElo "2460"]
[BlackElo "2390"]
[PlyCount "112"]
[EventDate "2000.07.09"]

1. e4 e5 2. Nf3 Nc6 3. Nc3 Nf6 4. d4 exd4 5. Nxd4 Bb4 6. Nxc6 bxc6 7. Bd3 d5 8.
exd5 cxd5 9. O-O O-O 10. Bg5 Be6 11. Nb5 c5 12. c3 Ba5 13. Qa4 c4 14. Bxf6 gxf6
15. Bb1 Bb6 16. Qd1 f5 17. Nd4 Qg5 18. Nxf5 Bxf5 19. Qxd5 Rad8 20. Qxf5 Qxf5
21. Bxf5 Rd2 22. a4 Re8 23. a5 Bc5 24. g4 Ree2 25. Kg2 Bxf2 26. Kf3 Bc5 27. Ra4
Re3+ 28. Kf4 Rde2 29. h4 h6 30. g5 h5 31. g6 fxg6 32. Bxg6 Kg7 33. Rxc4 Bd6+
34. Kg5 Rg3+ 35. Kxh5 Rxg6 36. Rf5 Rxb2 37. Rg4 Rxg4 38. Kxg4 Rg2+ 39. Kh5 Re2
40. Rg5+ Kf7 41. Rf5+ Ke6 42. Kg6 Be5 43. Rf8 Rg2+ 44. Kh5 Bxc3 45. Ra8 Bd4 46.
Rb8 Rb2 47. Re8+ Kf7 48. Rd8 Bf2 49. Kg4 Ra2 50. Rd5 Ke6 51. Rh5 Ra4+ 52. Kh3
Bd4 53. Rh6+ Bf6 54. Rh5 a6 55. Rc5 Rxh4+ 56. Kg3 Rd4 {.} 0-1

[Event "22nd Oberwarter Open"]
[Site "Oberwart (Austria)"]
[Date "2000.07.09"]
[Round "2.35"]
[White "RIEDL, Johannes"]
[Black "ALMASI, Istvan"]
[Result "0-1"]
[WhiteElo "2177"]
[BlackElo "2429"]
[PlyCount "56"]
[EventDate "2000.07.09"]

1. e4 c5 2. Nf3 d6 3. Nc3 Nc6 4. d4 cxd4 5. Nxd4 Nf6 6. Bg5 Bd7 7. Qd2 Nxd4 8.
Qxd4 Qa5 9. Bxf6 gxf6 10. Bc4 Rc8 11. Bb3 Rg8 12. O-O-O Rxg2 13. Kb1 Qc5 14.
Qd3 Qxf2 15. e5 f5 16. exd6 e6 17. Rhe1 Bg7 18. Nd5 Kf8 19. Nc7 Rg4 20. c3 Rg2
21. Bc2 Rxh2 22. Rc1 Qd2 23. Rcd1 Qxd3 24. Rxd3 Bf6 25. Rg1 Rh6 26. a4 a6 27.
Rdg3 Rg6 28. Rxg6 hxg6 0-1

[Event "22nd Oberwarter Open"]
[Site "Oberwart (Austria)"]
[Date "2000.07.10"]
[Round "3.1"]
[White "LERNER, Konstantin"]
[Black "RIAZANTSEV, Alexander"]
[Result "1-0"]
[WhiteElo "2583"]
[BlackElo "2418"]
[PlyCount "101"]
[EventDate "2000.07.10"]

1. c4 e5 2. g3 Nc6 3. Bg2 g6 4. Nc3 Bg7 5. Rb1 Nf6 6. b4 O-O 7. b5 Ne7 8. Nf3
d6 9. d3 a6 10. a4 axb5 11. axb5 c6 12. O-O Bf5 13. Qc2 Ne8 14. Bb2 d5 15. e4
dxe4 16. Nxe4 cxb5 17. cxb5 Rc8 18. Qe2 f6 19. Nfd2 Rf7 20. Nc4 Nd5 21. Rfd1
Rd7 22. d4 exd4 23. Bxd4 Nf4 24. gxf4 Rxd4 25. Ne3 Be6 26. Ng3 Bf7 27. Bxb7 Rb8
28. Bd5 Rxd1+ 29. Rxd1 Qe7 30. Bc6 Nd6 31. Qd3 Bf8 32. Ne2 Qc7 33. Nc3 Kg7 34.
Ncd5 Qd8 35. Ra1 Nc8 36. Qc3 Nd6 37. b6 Rxb6 38. Nxb6 Qxb6 39. Bd5 Nb5 40. Qb3
Bxd5 41. Qxd5 Nd6 42. Qa8 Nf7 43. Nd5 Qe6 44. Nc7 Qg4+ 45. Kh1 Bc5 46. f3 Qf5
47. Qe4 Qxe4 48. fxe4 Kh6 49. Ne6 Bb4 50. Rb1 Ba5 51. Rb3 1-0

[Event "22nd Oberwarter Open"]
[Site "Oberwart (Austria)"]
[Date "2000.07.10"]
[Round "3.2"]
[White "WITTMANN, Walter"]
[Black "SHARIYAZDANOV, Andrey"]
[Result "1/2-1/2"]
[WhiteElo "2380"]
[BlackElo "2582"]
[PlyCount "70"]
[EventDate "2000.07.10"]

1. e4 c5 2. Nf3 Nc6 3. d4 cxd4 4. Nxd4 e5 5. Nb5 d6 6. N1c3 a6 7. Na3 b5 8. Nd5
Nce7 9. c4 Nxd5 10. exd5 bxc4 11. Nxc4 Nf6 12. Be3 Rb8 13. Be2 Be7 14. O-O O-O
15. a4 Nd7 16. Qd2 f5 17. f3 Nf6 18. a5 Kh8 19. Nb6 Bb7 20. Kh1 f4 21. Bg1 Nh5
22. Bf2 Bh4 23. Qe1 Bxf2 24. Qxf2 Rf6 25. Rfc1 Rh6 26. Kg1 Qg5 27. Rc7 Ng3 28.
h3 Rf8 29. Rxb7 e4 30. fxe4 Nxe2+ 31. Qxe2 Rxh3 32. Ra3 f3 33. Rxf3 Rhxf3 34.
Qxf3 Qc1+ 35. Kh2 Qh6+ {.} 1/2-1/2

[Event "22nd Oberwarter Open"]
[Site "Oberwart (Austria)"]
[Date "2000.07.10"]
[Round "3.3"]
[White "DVOIRYS, Semen"]
[Black "GAGARIN, Vasilij"]
[Result "0-1"]
[WhiteElo "2562"]
[BlackElo "2395"]
[PlyCount "100"]
[EventDate "2000.07.10"]

1. e4 c5 2. Nf3 Nc6 3. d4 cxd4 4. Nxd4 Nf6 5. Nc3 e5 6. Ndb5 d6 7. Nd5 Nxd5 8.
exd5 Nb8 9. c4 a6 10. Nc3 Be7 11. Be3 O-O 12. Qd2 f5 13. f3 Nd7 14. Be2 Kh8 15.
O-O f4 16. Bf2 Rf6 17. Ne4 Rh6 18. g3 fxg3 19. Bxg3 Nf6 20. c5 Nxe4 21. fxe4
Bh3 22. Rf3 Bh4 23. cxd6 Qxd6 24. Kh1 Qg6 25. Qb4 Rg8 26. Rg1 Bg4 27. Bxh4
Bxf3+ 28. Bxf3 Qf7 29. Bg4 Rxh4 30. Qe1 Rh6 31. Bf5 Rf8 32. Qg3 Qf6 33. Qg5
Qxg5 34. Rxg5 Rb6 35. b3 Rb4 36. Rh5 h6 37. Rh3 Rd4 38. a4 Rd2 39. Kg1 Rf6 40.
Rc3 g6 41. Rc8+ Kg7 42. Be6 Rf4 43. Rc7+ Kf6 44. Rxb7 Rxe4 45. Kf1 Kg5 46. Rb6
Kf4 47. Bf7 Kf3 48. Rf6+ Rf4 49. Rxf4+ exf4 50. Ke1 Ke3 0-1